=LDR 00000nam 2200000 4500 =001 NUTBA000000000002860 =005 20250325110914 =035 ##$$a 0010-071400000000048 =008 250325################g##########0#ind## =020 ##$$a 979-9417-05-8 =040 ##$$a NBPDMAT =082 ##$$a 028.5 =090 ##$$a 028.5 $b Rum r =245 1#$$a Rumah sehat /$c Gatot Dwipayana =260 ##$$a Bandung :$b Cita Adi Bangsa,$c 2011 =300 ##$$a iv, 52 hlm. : $b ilus. ; $c 22 x 15 cm. =650 #4$$a Bacaan kanak-kanak =084 ##$$a 028.5 PEN r =100 #$$a Gatot Dwipayana =990 ##$$a 21402207 =990 ##$$a 21402208 =990 ##$$a 21402209 =990 ##$$a 21402210 =990 ##$$a 21402211 =990 ##$$a 03640364